000 01143nam a22002894c 4500
003 AR-BaSMT
008 240627b2022 enka|||ar|||| 000 1 ing d
020 _a9781474946575
040 _aBSGB
_bespañol
_erda
041 0 _aing
_hInglés
080 _a82-34
100 1 _aPunter, Russell
_9475
245 1 0 _aFlamingo plays bingo
264 _aLondres :
_bUsrborne,
_c2022
300 _a24 páginas ;
_bilustraciones color
336 _2rdacontent
_atexto
_btxt
337 _2rdamedia
_asin mediación
_bn
338 _2rdacarrier
_avolumen
_bnc
490 _aUsborne Phonics Readers
520 _aFlamingo can't wait to play jungle bingo! But who will be crowned winner? This entertaining story for beginner readers has simple rhyming text and stylish illustrations throughout. A delight to share with very young children, or for beginner readers to read themselves, and with parent's notes on phonics at the back of the book.
521 _aJardín / Primaria
650 7 _98
_aLITERATURA INFANTIL
_vInglés
_xPhonics
650 7 _923
_aCUENTO
700 1 _aSemple, David
_eIlustrador
_9478
942 _2ddc
_aBOOK
999 _c639
_d639